000
00302nam a22001337a 4500
008
181024b xxu||||| |||| 00| 0 eng d
020
_a
9780201599824
041
_a
eng
080
_a
621
100
_a
27
101
_a
eng
245
_a
Fundamentals Fluid Mechanics
_c
Gerhart.P.M
942
_2
udc
_c
BK
999
_c
50779
_d
50779